Statistiken für Wein: In Deutschland angebaute Rebsorten

Klicken Sie hier um das Quiz zu spielen!

Allgemein

  • Dieses Quiz wurde 87 mal gespielt
  • Das Durchschnittsergebnis liegt bei 8 aus 32

Antwortstatistiken

Rebsorte% Korrekt
Riesling
95%
Grauburgunder
64%
Spätburgunder
60%
Weißburgunder
59%
Müller-Thurgau
57%
Silvaner
48%
Chardonnay
41%
Dornfelder
41%
Merlot
39%
Sauvignon Blanc
35%
Gewürztraminer
32%
Trollinger
29%
Scheurebe
24%
Kerner
23%
Bacchus
21%
Portugieser
21%
Cabernet Franc
20%
Cabernet Sauvignon
20%
Blauer Lemberger
16%
Gutedel
13%
Schwarzriesling
12%
Syrah
12%
Domina
11%
Elbling
9%
Huxelrebe
8%
Regent
7%
Saint Laurent
5%
Acolon
4%
Ortega
4%
Faberrebe
3%
Malbec
3%
Viognier
1%

Verteilung der Resultate

Perzentil nach korrekt beantworteten Fragen

Anzahl Personen mit jedem Resultat

Ihre Resultats-Entwicklung

Sie haben dieses Quiz noch nicht gespielt